000
00210 a2200097 4500
001
14169
100
_a
Sauory T
245
_a
The art of translation
260
_a
Hand
_b
Jonathan cape
_c
090
_c
11113
_d
11113
942
_a
NUST-CAE
_c
M
_c
1241
999
_c
249242
_d
249242